Normal view
MARC view
- Presidents
Entry Topical Term
001 - CONTROL NUMBER
- control field: 52436
003 - CONTROL NUMBER IDENTIFIER
- control field: OSt
005 - DATE AND TIME OF LATEST TRANSACTION
- control field: 20240214152623.0
008 - FIXED-LENGTH DATA ELEMENTS
- fixed length control field: 240214|| aca||aabn | a|a d
040 ## - CATALOGING SOURCE
- Original cataloging agency: OSt
- Transcribing agency: OSt
150 ## - HEADING--TOPICAL TERM
- Topical term or geographic name entry element: Presidents
- Geographic subdivision: United States
- General subdivision: Election
- General subdivision: 2016.
670 ## - SOURCE DATA FOUND
- Source citation: Work cat.: (OSt)19122: Allen, Jonathan. 52260, Shattered :, ©2017.
